[Event "2. ACP World Rapid Chess Cup"]
[Site "Odessa UKR"]
[Date "2008.01.04"]
[Round "1.2"]
[White "Jakovenko, Dmitrij"]
[Black "Savchenko, Boris"]
[Result "1-0"]
[WhiteElo "2720"]
[BlackElo "2589"]
[PlyCount "73"]
[EventDate "2008.01.04"]
[EventType "k.o. (rapid)"]
[EventCountry "UKR"]
[Source "lmi"]
[SourceDate "2008.01.04"]

1. e4 d6 2. d4 g6 3. Nc3 Bg7 4. Nf3 c6 5. a4 Nd7 6. Be2 Qc7 7. O-O Ngf6 8. Be3
O-O 9. Nd2 b6 10. f4 e5 11. dxe5 dxe5 12. f5 gxf5 13. Rxf5 Re8 14. Qf1 Qd8 15.
Rd1 Nf8 16. Nc4 Qe7 17. Rxe5 Be6 18. Rg5 Ng6 19. Rg3 Qb4 20. Nd6 Red8 21. Nf5
Rxd1 22. Bxd1 Bh8 23. Nh6+ Kf8 24. Rf3 Bc4 25. Be2 Bxe2 26. Nxe2 Re8 27. Bd4
Qd2 28. Bxf6 Qxh6 29. Bxh8 Nxh8 30. Ng3 Qd2 31. Qd3 Qc1+ 32. Rf1 Qxb2 33. Qd6+
Kg8 34. Nh5 Rc8 35. Qh6 Qd4+ 36. Kh1 f5 37. Qe6+ 1-0

[Event "2. ACP World Rapid Chess Cup"]
[Site "Odessa UKR"]
[Date "2008.01.04"]
[Round "1.2"]
[White "Ivanchuk, Vassily"]
[Black "Eljanov, Pavel"]
[Result "1-0"]
[WhiteElo "2751"]
[BlackElo "2692"]
[PlyCount "74"]
[EventDate "2008.01.04"]
[EventType "k.o. (rapid)"]
[EventCountry "UKR"]
[Source "lmi"]
[SourceDate "2008.01.04"]

1. d4 Nf6 2. c4 g6 3. g3 c6 4. Nc3 d5 5. Qb3 Bg7 6. Bg2 O-O 7. Nf3 dxc4 8. Qxc4
Bf5 9. O-O Nbd7 10. e3 Nb6 11. Qe2 Ne4 12. Rd1 Nxc3 13. bxc3 Na4 14. Bb2 Be4
15. Rac1 b5 16. c4 Nxb2 17. Qxb2 a6 18. Qb3 Qb6 19. Ne1 Bxg2 20. Nxg2 c5 21.
Nf4 cxd4 22. c5 Qd8 23. exd4 Bxd4 24. Ne2 e5 25. Qb4 Rc8 26. Nxd4 exd4 27. Rxd4
Qe7 28. Re4 Qf6 29. h4 Rc6 30. Rce1 Rfc8 31. Re5 h5 32. a3 Kg7 33. R1e3 R8c7
34. Rd5 Re7 35. Rxe7 Qxe7 36. Rd6 Rxd6 37. cxd6 Qd7 1-0

[Event "2. ACP World Rapid Chess Cup"]
[Site "Odessa UKR"]
[Date "2008.01.04"]
[Round "1.1"]
[White "Shirov, Alexei"]
[Black "Inarkiev, Ernesto"]
[Result "0-1"]
[WhiteElo "2755"]
[BlackElo "2681"]
[PlyCount "64"]
[EventDate "2008.01.04"]
[EventType "k.o. (rapid)"]
[EventCountry "UKR"]
[Source "lmi"]
[SourceDate "2008.01.04"]

1. e4 e5 2. Nf3 Nc6 3. Bb5 a6 4. Ba4 Nf6 5. O-O Be7 6. Re1 b5 7. Bb3 O-O 8. c3
d6 9. h3 Nb8 10. d4 Nbd7 11. Nbd2 Bb7 12. Bc2 Re8 13. Nf1 Bf8 14. Ng3 g6 15. b3
Bg7 16. a4 d5 17. axb5 Nxe4 18. bxa6 Nxc3 19. Qd3 Ne4 20. Bb2 Nxg3 21. axb7
Rxa1 22. Rxa1 e4 23. Qb5 c6 24. Qxc6 Ne2+ 25. Kh1 Nb8 26. Qc8 exf3 27. Qxd8
fxg2+ 28. Kxg2 Rxd8 29. Ra8 Nxd4 30. Ba3 Bf8 31. Bxf8 Kxf8 32. Bd1 Ke7 0-1

[Event "2. ACP World Rapid Chess Cup"]
[Site "Odessa UKR"]
[Date "2008.01.04"]
[Round "1.2"]
[White "Inarkiev, Ernesto"]
[Black "Shirov, Alexei"]
[Result "1/2-1/2"]
[WhiteElo "2681"]
[BlackElo "2755"]
[PlyCount "93"]
[EventDate "2008.01.04"]
[EventType "k.o. (rapid)"]
[EventCountry "UKR"]
[Source "lmi"]
[SourceDate "2008.01.04"]

1. d4 Nf6 2. c4 g6 3. Nf3 Bg7 4. g3 c6 5. Bg2 d5 6. Qb3 dxc4 7. Qxc4 Be6 8. Qa4
O-O 9. O-O Nbd7 10. Nc3 b5 11. Qc2 b4 12. Na4 Bd5 13. Ne1 Bxg2 14. Kxg2 Nb6 15.
Nf3 Nxa4 16. Qxa4 Qb6 17. Bg5 c5 18. dxc5 Qxc5 19. Rac1 Qb6 20. Rc6 Qb7 21.
Rfc1 Nd5 22. Qb3 e6 23. e4 Nf6 24. Bxf6 Bxf6 25. e5 Bd8 26. a4 Rb8 27. R1c4 a5
28. Nd4 Bc7 29. Qe3 Bb6 30. Qf3 Rfd8 31. Nb5 Rd2 32. Rc2 Qd7 33. Rxd2 Qxd2 34.
Nd6 Qd5 35. Qxd5 exd5 36. b3 d4 37. Nc4 d3 38. Nxb6 d2 39. Rd6 Rxb6 40. Rxd2
Rc6 41. Rd5 Rc3 42. Rxa5 Rxb3 43. Rb5 Rb2 44. a5 Ra2 45. h4 b3 46. Rxb3 Rxa5
47. f4 1/2-1/2

[Event "2. ACP World Rapid Chess Cup"]
[Site "Odessa UKR"]
[Date "2008.01.05"]
[Round "1.1"]
[White "Shabalov, Alexander"]
[Black "Svidler, Peter"]
[Result "0-1"]
[WhiteElo "2622"]
[BlackElo "2763"]
[PlyCount "90"]
[EventDate "2008.01.04"]
[EventType "k.o. (rapid)"]
[EventCountry "UKR"]
[Source "lmi"]
[SourceDate "2008.01.04"]

1. c4 Nf6 2. d4 g6 3. g3 d5 4. Bg2 c6 5. cxd5 cxd5 6. Nc3 Nc6 7. Bg5 e6 8. e3
Bg7 9. Nge2 O-O 10. O-O h6 11. Bxf6 Qxf6 12. Rc1 Bd7 13. Nf4 Qe7 14. Nd3 Rfc8
15. Qd2 b6 16. f4 Na5 17. b3 Nb7 18. Ne5 Nd6 19. Qd3 Be8 20. Rc2 Rc7 21. Rfc1
Rac8 22. a4 Nf5 23. Kf2 f6 24. Nf3 Nd6 25. Nd2 f5 26. Ne2 Ne4+ 27. Bxe4 fxe4
28. Rxc7 Rxc7 29. Rxc7 Qxc7 30. Qc3 Qd8 31. Nc1 Bf8 32. Na2 Bd6 33. Qc2 g5 34.
Nc1 Qc7 35. Qxc7 Bxc7 36. Ne2 Bd6 37. Nb1 a6 38. Nec3 b5 39. axb5 axb5 40. Na2
b4 41. Nc1 Kg7 42. Nd2 Bb5 43. Kg2 Be7 44. Na2 Kf6 45. h3 Kf5 0-1

[Event "2. ACP World Rapid Chess Cup"]
[Site "Odessa UKR"]
[Date "2008.01.05"]
[Round "1.1"]
[White "Gelfand, Boris"]
[Black "Najer, Evgeniy"]
[Result "1/2-1/2"]
[WhiteElo "2737"]
[BlackElo "2634"]
[PlyCount "54"]
[EventDate "2008.01.04"]
[EventType "k.o. (rapid)"]
[EventCountry "UKR"]
[Source "lmi"]
[SourceDate "2008.01.04"]

1. d4 d5 2. c4 c6 3. Nc3 Nf6 4. Nf3 e6 5. Bg5 h6 6. Bh4 dxc4 7. e4 g5 8. Bg3 b5
9. Ne5 Bb7 10. h4 g4 11. Nxg4 Nbd7 12. Nxf6+ Qxf6 13. Qd2 O-O-O 14. h5 Bg7 15.
O-O-O Qe7 16. Qe3 e5 17. dxe5 Bxe5 18. Bxe5 Nxe5 19. Be2 Nd3+ 20. Bxd3 cxd3 21.
Rxd3 Rxd3 22. Qxd3 Qg5+ 23. Qd2 Qxg2 24. Rd1 Qg5 25. f4 Qxh5 26. Qd7+ Kb8 27.
e5 Qf3 1/2-1/2

[Event "2. ACP World Rapid Chess Cup"]
[Site "Odessa UKR"]
[Date "2008.01.05"]
[Round "1.2"]
[White "Najer, Evgeniy"]
[Black "Gelfand, Boris"]
[Result "0-1"]
[WhiteElo "2634"]
[BlackElo "2737"]
[PlyCount "53"]
[EventDate "2008.01.04"]
[EventType "k.o. (rapid)"]
[EventCountry "UKR"]
[Source "lmi"]
[SourceDate "2008.01.04"]

1. e4 e5 2. Nf3 Nf6 3. d4 Nxe4 4. dxe5 d5 5. Nbd2 Nxd2 6. Qxd2 h6 7. b4 c5 8.
bxc5 Bxc5 9. Bb5+ Nc6 10. O-O O-O 11. Qf4 Be6 12. Qg3 Kh8 13. Rb1 Ne7 14. Bd3
Qd7 15. Qh4 Nf5 16. Qh5 f6 17. g4 Nd4 18. Nxd4 Bxd4 19. Qg6 Bg8 20. e6 Qe8 21.
Rxb7 Qxg6 22. Bxg6 Bxe6 23. Re1 Bxg4 24. Ree7 f5 25. Bb2 Bxb2 26. Rxb2 Rf6 27.
Bf7 0-1

[Event "2. ACP World Rapid Chess Cup"]
[Site "Odessa UKR"]
[Date "2008.01.05"]
[Round "1.1"]
[White "Grischuk, Alexander"]
[Black "Karpov, Anatoly"]
[Result "0-1"]
[WhiteElo "2711"]
[BlackElo "2655"]
[PlyCount "132"]
[EventDate "2008.01.04"]
[EventType "k.o. (rapid)"]
[EventCountry "UKR"]
[Source "lmi"]
[SourceDate "2008.01.04"]

1. e4 c6 2. d4 d5 3. e5 Bf5 4. Be3 e6 5. Nd2 Nd7 6. c3 Ne7 7. f4 h5 8. Be2 h4
9. Ngf3 Bg4 10. O-O Nf5 11. Bf2 Be7 12. h3 Bh5 13. Bd3 Bg6 14. Qe2 a6 15. c4
dxc4 16. Nxc4 Kf8 17. Rac1 Rh6 18. a4 a5 19. Bb1 Kg8 20. Ne3 Nb6 21. b3 Qd7 22.
Rcd1 Bh5 23. Ng4 Rh8 24. Ne3 Nd5 25. Nxd5 Qxd5 26. Be4 Qd7 27. Qd3 Bg6 28. Nd2
Rh6 29. Nc4 Qd8 30. Rfe1 Bb4 31. Re2 Qc7 32. Ne3 Nxe3 33. Rxe3 Bxe4 34. Qxe4
Rh5 35. Qf3 g6 36. Qg4 Qd8 37. Rf3 Be7 38. Rc3 Qd5 39. Qf3 Rd8 40. Qxd5 Rxd5
41. Kf1 Rf5 42. Rf3 Kf8 43. Ke2 Ke8 44. Rc1 Kd7 45. Rc2 Ke8 46. Rc1 Kd7 47. Rc2
Rh5 48. Rfc3 f5 49. Rc4 g5 50. fxg5 Rxg5 51. Kf3 Rg8 52. Be1 Ke8 53. b4 axb4
54. Bxb4 Rg3+ 55. Kf2 Bd8 56. Rb2 Rd7 57. Be1 Rd3 58. a5 Ra3 59. Rc5 Rxd4 60.
Rxb7 Ra2+ 61. Kf1 Rf4+ 62. Kg1 Ra1 63. Rxc6 Rxe1+ 64. Kh2 Rff1 65. Rxe6+ Kf8
66. g4 Rf2# 0-1

[Event "2. ACP World Rapid Chess Cup"]
[Site "Odessa UKR"]
[Date "2008.01.06"]
[Round "2.1"]
[White "Karjakin, Sergey"]
[Black "Gelfand, Boris"]
[Result "1/2-1/2"]
[WhiteElo "2732"]
[BlackElo "2737"]
[PlyCount "84"]
[EventDate "2008.01.04"]
[EventType "k.o. (rapid)"]
[EventCountry "UKR"]
[Source "lmi"]
[SourceDate "2008.01.04"]

1. e4 e5 2. Nf3 Nf6 3. Nxe5 d6 4. Nf3 Nxe4 5. Nc3 Nxc3 6. dxc3 Be7 7. Bf4 O-O
8. Qd2 Nd7 9. O-O-O Nc5 10. Be3 Re8 11. Bc4 Be6 12. Bxe6 Nxe6 13. h4 Qd7 14.
Qd5 Qc6 15. c4 Qxd5 16. cxd5 Nc5 17. g4 Bf8 18. h5 Re4 19. Rd4 Rae8 20. Nd2
Rxd4 21. Bxd4 g6 22. hxg6 fxg6 23. c3 Bg7 24. Be3 Ne4 25. Nxe4 Rxe4 26. g5 Bf8
27. Kd2 Rg4 28. Kd3 Be7 29. f4 Rg2 30. Bd2 Rg3+ 31. Be3 Rg2 32. Rb1 a6 33. a4
b6 34. b4 Ra2 35. a5 bxa5 36. bxa5 Rxa5 37. c4 Ra3+ 38. Kd2 Ra2+ 39. Kd3 Ra3+
40. Ke4 Ra4 41. Kd3 Ra3+ 42. Kd2 Ra2+ 1/2-1/2

[Event "2. ACP World Rapid Chess Cup"]
[Site "Odessa UKR"]
[Date "2008.01.06"]
[Round "2.4"]
[White "Gelfand, Boris"]
[Black "Karjakin, Sergey"]
[Result "0-1"]
[WhiteElo "2737"]
[BlackElo "2732"]
[PlyCount "64"]
[EventDate "2008.01.04"]
[EventType "k.o. (rapid)"]
[EventCountry "UKR"]
[Source "lmi"]
[SourceDate "2008.01.04"]

1. c4 e5 2. g3 c6 3. d4 e4 4. Nc3 d5 5. cxd5 cxd5 6. Qb3 Nc6 7. Qxd5 Qxd5 8.
Nxd5 Nxd4 9. Nc7+ Kd8 10. Nxa8 Nc2+ 11. Kd1 Nxa1 12. Be3 Be6 13. Bxa7 Nf6 14.
b3 Ba3 15. Bd4 Ke7 16. Nb6 Rd8 17. e3 Bc5 18. Na4 Bxd4 19. exd4 Nxb3 20. Nc3
Nxd4 21. Kc1 Rc8 22. Kb2 Nd5 23. Nge2 Nxe2 24. Nxe2 Nb4 25. Nd4 Rd8 26. Nxe6
fxe6 27. Bc4 Nd3+ 28. Kc3 Nxf2 29. Rb1 Nd1+ 30. Kb4 Ne3 31. Bb5 Nd5+ 32. Kb3
Rc8 0-1

[Event "2. ACP World Rapid Chess Cup"]
[Site "Odessa UKR"]
[Date "2008.01.07"]
[Round "3.3"]
[White "Karjakin, Sergey"]
[Black "Grischuk, Alexander"]
[Result "1-0"]
[WhiteElo "2732"]
[BlackElo "2711"]
[PlyCount "93"]
[EventDate "2008.01.04"]
[EventType "k.o. (rapid)"]
[EventCountry "UKR"]
[Source "lmi"]
[SourceDate "2008.01.04"]

1. e4 e5 2. Nf3 Nc6 3. Bb5 a6 4. Ba4 Nf6 5. O-O Be7 6. Re1 b5 7. Bb3 O-O 8. h3
Bb7 9. d3 d6 10. a3 Na5 11. Ba2 c5 12. Nbd2 Nc6 13. Nf1 Bc8 14. c3 Be6 15. Bxe6
fxe6 16. b4 d5 17. Ng3 Qc7 18. Bg5 Rad8 19. Qe2 d4 20. cxd4 cxb4 21. Qa2 exd4
22. Qxe6+ Kh8 23. Rec1 Rd6 24. Qa2 Ne8 25. Bxe7 Qxe7 26. Nf5 Rxf5 27. exf5 h6
28. axb4 Nxb4 29. Qa3 a5 30. Qxa5 Nxd3 31. Rd1 Nf4 32. Re1 Qd8 33. Qxd8 Rxd8
34. Nxd4 Nd6 35. Ne6 Nxe6 36. fxe6 Re8 37. Rad1 Nf5 38. Rd5 Ne7 39. Rxb5 g5 40.
Rb3 Kg7 41. Rf3 Kg6 42. g3 Nf5 43. Rd3 Kf6 44. Kg2 Ng7 45. Rf3+ Kg6 46. e7 Nf5
47. Re6+ 1-0

[Event "2. ACP World Rapid Chess Cup"]
[Site "Odessa UKR"]
[Date "2008.01.07"]
[Round "3.4"]
[White "Grischuk, Alexander"]
[Black "Karjakin, Sergey"]
[Result "1-0"]
[WhiteElo "2711"]
[BlackElo "2732"]
[PlyCount "89"]
[EventDate "2008.01.04"]
[EventType "k.o. (rapid)"]
[EventCountry "UKR"]
[Source "lmi"]
[SourceDate "2008.01.04"]

1. d4 d5 2. c4 dxc4 3. Nf3 Nf6 4. e3 e6 5. Bxc4 a6 6. O-O c5 7. Bb3 b5 8. a4 b4
9. e4 cxd4 10. Nbd2 Bb7 11. e5 Nfd7 12. Nc4 Be7 13. Qxd4 O-O 14. Qg4 Kh8 15.
Bf4 Bd5 16. Rad1 Nc6 17. Rxd5 exd5 18. Ne3 g6 19. Bxd5 Rc8 20. Rd1 f5 21. Qg3
Qe8 22. Bh6 Nb6 23. Bxf8 Qxf8 24. Bxc6 f4 25. Qh3 fxe3 26. Be4 exf2+ 27. Kxf2
Bc5+ 28. Kg3 Bd4 29. Qh4 Be3 30. Rd6 Qf7 31. Bd5 Nc4 32. Qe4 g5 33. Qxc4 Bf4+
34. Kf2 Qa7+ 35. Qd4 Rc2+ 36. Kf1 Rc1+ 37. Ke2 Qxd4 38. Nxd4 Bxe5 39. Rd8+ Kg7
40. Ne6+ Kf6 41. b3 g4 42. Rd7 h5 43. h3 gxh3 44. gxh3 Rc3 45. h4 1-0

[Event "2. ACP World Rapid Chess Cup"]
[Site "Odessa UKR"]
[Date "2008.01.07"]
[Round "3.5"]
[White "Karjakin, Sergey"]
[Black "Grischuk, Alexander"]
[Result "0-1"]
[WhiteElo "2732"]
[BlackElo "2711"]
[PlyCount "74"]
[EventDate "2008.01.04"]
[EventType "k.o. (rapid)"]
[EventCountry "UKR"]
[Source "lmi"]
[SourceDate "2008.01.04"]

1. e4 e5 2. Nf3 Nc6 3. Bb5 a6 4. Ba4 d6 5. Bxc6+ bxc6 6. d4 f6 7. Be3 Ne7 8. c4
Ng6 9. Nc3 Be7 10. O-O O-O 11. Qa4 Bd7 12. c5 Kh8 13. Rad1 Qe8 14. h3 d5 15.
dxe5 fxe5 16. Ne2 d4 17. Bd2 Rxf3 18. gxf3 Nh4 19. Qa3 Bxh3 20. Kh2 Bg2 21. Ng3
Qd7 22. Nf5 Nxf5 23. Kxg2 Nh4+ 24. Kh2 Rf8 25. f4 Qg4 26. Qg3 Qh5 27. f3 Nxf3+
28. Kg2 Nh4+ 29. Kg1 Bxc5 30. Rc1 Ba7 31. fxe5 d3+ 32. Kh2 Nf5+ 33. Qh3 Qe2+
34. Kh1 Qxe4+ 35. Rf3 Ng3+ 36. Qxg3 Rxf3 37. Re1 Rf1+ 0-1